书目信息 |
| 题名: |
20世纪前期的荀学研究
|
|
| 作者: | 江心力 著 | |
| 分册: | ||
| 出版信息: | 北京 中国社会科学出版社 2005 |
|
| 页数: | 281页 | |
| 开本: | 21cm | |
| 丛书名: | ||
| 单 册: | ||
| 中图分类: | B222.65 | |
| 科图分类: | ||
| 主题词: | ||
| 电子资源: | ||
| ISBN: | 7-5004-5131-8 | |
| 000 | 01141nam0 2200313 450 | |
| 000 | 01104nam0 2200301 450 | |
| 000 | 01073nam0 2200301 450 | |
| 000 | 01019nam0 2200277 450 | |
| 000 | 01015nam0 2200265 450 | |
| 000 | 00978nam0 2200253 45 | |
| 001 | TS2006031633 | |
| 005 | 20061228145144.46 | |
| 010 | @a7-5004-5131-8@dCNY24.00 | |
| 100 | @a20060829d2005 ekmy0chiy0121 ea | |
| 101 | 1 | @achi |
| 102 | @aCN@b110000 | |
| 105 | @ah z 000yy | |
| 200 | 1 | @a20世纪前期的荀学研究@A20 Shi Ji Qian Qi De Xun Xue Yan Jiu@f江心力著@FJiang Xin Li Zhu |
| 210 | @a北京@c中国社会科学出版社@d2005 | |
| 215 | @a281页@c手迹@d21cm | |
| 320 | @a有书目:(275-279页) | |
| 330 | @a20世纪初,一批知识分子倡导“中体西用”,荀学由于既具有类似于西方科学的见解,又有接近西方社会学说的“人能群”主张,因此受到他们的青睐,荀学的复兴和更新理所当然。 | |
| 600 | 0 | @a荀子@x研究@x概况@x中国@y20世纪 |
| 690 | @aB222.65@v4 | |
| 701 | 0 | @a江心力@AJiang Xin Li@4著 |
| 801 | 0 | @aCN@b中图数据@c20061228 |
| 905 | @a10447@dB222.65@e292 | |
| 20世纪前期的荀学研究/江心力著.-北京:中国社会科学出版社,2005 |
| 281页:手迹;21cm |
| ISBN 7-5004-5131-8:CNY24.00 |
| 20世纪初,一批知识分子倡导“中体西用”,荀学由于既具有类似于西方科学的见解,又有接近西方社会学说的“人能群”主张,因此受到他们的青睐,荀学的复兴和更新理所当然。 |
| ● |
| 相关链接 |
|
|
|
|
正题名:20世纪前期的荀学研究
索取号:B222.65/292
 
预约/预借
| 序号 | 登录号 | 条形码 | 馆藏地/架位号 | 状态 | 备注 |
| 1 | 0602337 | 206023373 | 第一样本阅览室/ [索取号:B222.65/292] | 在馆 | |
| 2 | 0602338 | 206023382 | 第一借阅区/ [索取号:B222.65/292] | 在馆 | |
| 3 | 0602339 | 206023391 | 第一借阅区/ [索取号:B222.65/292] | 在馆 |